Home cooking (Record no. 75768)
[ view plain ]
| 000 -LEADER | |
|---|---|
| fixed length control field | 01309cab a2200217 4500 |
| 001 - CONTROL NUMBER | |
| control field | ##L130679 |
| 008 - FIXED-LENGTH DATA ELEMENTS--GENERAL INFORMATION | |
| fixed length control field | 050824n2005 000 0 eng u |
| 035 ## - SYSTEM CONTROL NUMBER | |
| System control number | (Sirsi) u130679 |
| 041 0# - LANGUAGE CODE | |
| Language code of text/sound track or separate title | eng |
| 100 1# - MAIN ENTRY--PERSONAL NAME | |
| Personal name | Wehner, Piers |
| 245 00 - TITLE STATEMENT | |
| Title | Home cooking |
| 260 ## - PUBLICATION, DISTRIBUTION, ETC. | |
| Date of publication, distribution, etc. | 2005 |
| 490 #0 - SERIES STATEMENT | |
| Series statement | Estates Gazette |
| Volume/sequential designation | (0533) 20 August 2005, 32-35(4) |
| 520 ## - SUMMARY, ETC. | |
| Summary, etc. | Casts a critical eye over the government Design for Manufacture project with its stated objective of building over 1 000 £60 000 new homes for first time buyers. Critics have pointed out that the £60 000 price tag is the construction cost per unit not the eventual sales price or total cost to the developer and does not include the price of the land. Of the limited output of 1 000 new homes only 30% will have to match this construction cost with no limit on the construction costs being applied to the other 70%. Lists the 10 prospective sites for the Design for Manufacture homes. Concludes that the extent of hidden costs in excess of £60 000 will only be revealed when the developers are selected in 2006. |
| 590 ## - LOCAL NOTE (RLIN) | |
| Local note | IKA300805 |
| 650 24 - SUBJECT ADDED ENTRY--TOPICAL TERM | |
| Topical term or geographic name entry element | Affordable housing |
| 9 (RLIN) | 6215 |
| 650 24 - SUBJECT ADDED ENTRY--TOPICAL TERM | |
| Topical term or geographic name entry element | DCLG DESIGN FOR MANUFACTURE COMPETITION |
| 651 24 - SUBJECT ADDED ENTRY--GEOGRAPHIC NAME | |
| Geographic name | England |
| Chronological subdivision | 886- |
| 690 ## - LOCAL SUBJECT ADDED ENTRY--TOPICAL TERM (OCLC, RLIN) | |
| Topical term or geographic name as entry element | PROPERTY-RESIDENTIAL PROPERTY-RESIDENTIAL PROPERTY DEVELOPMENT |
| 942 ## - ADDED ENTRY ELEMENTS (KOHA) | |
| Suppress in OPAC | 0 |
| Withdrawn status | Lost status | Source of classification or shelving scheme | Damaged status | Not for loan | Home library | Current library | Shelving location | Date acquired | Total Checkouts | Full call number | Barcode | Date last seen | Copy number | Price effective from | Koha item type |
|---|---|---|---|---|---|---|---|---|---|---|---|---|---|---|---|
| Dewey Decimal Classification | London | London | Journal article | 24/08/2005 | L130679 | 130679-1001 | 06/08/2019 | 1 | 06/08/2019 | Journal article |